| 000 | 00842nam a2200205Ii 4500 | ||
|---|---|---|---|
| 003 | JO-AjNU | ||
| 008 | 230605s9999||||xx |||||||||||||| ||und|| | ||
| 040 |
_aJO-AjNU _bara _erda _cJO-AjNU |
||
| 041 | _aara | ||
| 050 | 1 | 4 | _aLB1028.24.P3412 2005 |
| 100 | 3 |
_aل Brown ، KimerleeS مؤلف/Parsons ، Richard D م.مشارك الحسناوي،علي رشيد مترجم؛ الغافري؛ هاشم بن سعد مراجع , _eauthor _948978 |
|
| 245 | 0 | 0 | _aالمعلم ممارس متأمل وباحث إجرائي= Teacher as Reflective Practitioner and Action Researcher |
| 250 | _aط1 | ||
| 264 | 3 | 1 | _aالعين:دار الكتاب الجامعي،2005 |
| 300 | _a219ص | ||
| 336 |
_atext _btxt _2rdacontent |
||
| 337 |
_aunmediated _bn _2rdamedia |
||
| 338 |
_avolume _bnc _2rdacarrier |
||
| 650 | 4 |
_aالتعليم-أبحاث _948979 |
|
| 999 |
_aA21484 _c25052 _d25052 |
||